000 00570nam a2200193 u 4500
005 20220916063545.0
008 121004s2008 br r 000 0 spa d
020 _a9788526013032
035 _aUPN01000187042
049 _aI
050 4 _aPZ88
_bN4.3
100 1 _aNeves, André,
_d1973-
_933480
245 1 0 _aCapullos /
_cAndré Neves ; tr. Alexandra Ferreira.
260 _aSao Paulo, Bra. :
_bGlobal,
_c2008.
300 _a20 p. :
_bil.
650 4 _aCUENTOS INFANTILES BRASILEÑOS
_912222
650 7 _aLibros ilustrados para niños
_2
_921365
905 _aInfantil
999 _c159145
_d159145